Segura de la Sierra (Record no. 112078)

MARC details
000 -LEADER
campo de control de longitud fija 00649nam a2200193 4500
001 - NÚMERO DE CONTROL
campo de control 112078
003 - IDENTIFICADOR DE NÚMERO DE CONTROL
campo de control ES-MaACL
005 - FECHA Y HORA DE LA ÚLTIMA TRANSACCIÓN
campo de control 20230906185428.0
007 - CAMPO FIJO DE DESCRIPCIÓN FÍSICA--INFORMACIÓN GENERAL
campo de control de longitud fija t|
008 - DATOS DE LONGITUD FIJA--INFORMACIÓN GENERAL
campo de control de longitud fija 061121s1965 sp r ||||1| spa d
080 ## - NÚMERO DE LA CLASIFICACIÓN DECIMAL UNIVERSAL
Número de la Clasificación Decimal Universal 946.814 Segura
100 1# - ENTRADA PRINCIPAL--NOMBRE DE PERSONA
Nombre de persona Navarro López, Genaro.
9 (RLIN) 85144
245 10 - MENCIÓN DEL TÍTULO
Título Segura de la Sierra
Resto del título : notas histórico-descriptivas de esta villa y su comarca /
Mención de responsabilidad, etc. Genaro Navarro López.
250 ## - MENCION DE EDICION
Mención de edición 2ª ed. rev. y amp.
260 ## - PUBLICACIÓN, DISTRIBUCIÓN, ETC.
Lugar de publicación, distribución, etc. Segura de la Sierra (Jaén) :
Nombre del editor, distribuidor, etc. Ayuntamiento,
Fecha de publicación, distribución, etc. 1965.
300 ## - DESCRIPCIÓN FÍSICA
Extensión 227 p. 1 lám. :
Otras características físicas il ;
Dimensiones 22 cm.
651 #4 - PUNTO DE ACCESO ADICIONAL DE MATERIA--NOMBRE GEOGRÁFICO
Nombre geográfico Segura de la Sierra-
Subdivisión general Historia.
9 (RLIN) 142144
852 ## - LOCALIZACIÓN
Ubicación ES-MaACL
Número de control de estantería C-30261 R.60815
Holdings
Estatus retirado Estado de pérdida Estado de daño No para préstamo Biblioteca de origen Biblioteca actual Ubicación en estantería Fecha de adquisición Fuente de adquisición Total de préstamos Signatura topográfica completa Código de barras Visto por última vez Precio de reemplazo Tipo de ítem Koha
        Biblioteca del Ateneo de Madrid Biblioteca del Ateneo de Madrid Depósito 2 17/01/2008     C-30261 1116908 23/02/2023 23/02/2023 Libro impreso